000 00356nam a2200133Ia 4500
008 240624s9999 xx 000 0 und d
041 _aeng
082 _a651.11 MOH
100 _aMOHAPATRA SANJAY
245 _aBUSINESS PROCESS AUTOMATION
260 _c2009
_aNew Delhi
_bPrentice-Hall of India
300 _axxiii, : 376 : p. : cm. ; 23
365 _cRS
_b35
999 _c14819
_d14819